Statistics for Russia Medium Multiple Choice Quiz

Click here to take the quiz!

General Stats

  • This quiz has been taken 20 times
  • The average score is 7 of 15

Answer Stats

QuestionAnswer% Correct
Let's start with an easy question. The capital of Russia before 1918 is...Saint Petersburg
100%
Who was called the Sun of Russian poetry?Aleksandr Pushkin
64%
The first president of Russia was...Boris Yeltsin
57%
Years of Battle of Stalingrad?1942-1943
50%
From which cosmodrome did Yuri Gagarin launch?Baikonur
50%
How did the mascot of the 1980 Moscow Olympics, Misha the bear, leave?He flew away on balloons
50%
Russia has the longest border with...Kazakhstan
50%
Which city in Russia is the third most populous?Novosibirsk
50%
The head of the Chechen Republic is...Ramzan Kadyrov
50%
How many subjects of Russia are there? (with Crimea)85
43%
The longest-ruling leader of Russia was..Ivan the Terrible
43%
Who is the Prime Minister of Russia?Mikhail Mishustin
29%
What was the name of the head of the Republic of Tatarstan until 2022?President
29%
Russia didn't have a colony in ....Afghanistan
7%
This country severed diplomatic relations with Russia after the war in Ukraine...Micronesia
0%

Score Distribution

Percentile by Number Answered

Percent of People with Each Score

Your Score History

You have not taken this quiz